Отечеству на пользу, а россиянам во славу. Из истории университетского образования в Петербурге в XVIII-начале ЧШЧ в.

Bibliographische Detailangaben
1. Verfasser: Марголис Ю. Д. Юрий Давидович
Körperschaft: Ленинградский государственный университет (ЛГУ)
Weitere Verfasser: Тишкин Г. А. Григорий Алексеевич
Sprache:Russisch
Veröffentlicht: Ленинград, Изд-во Ленинградского ун-та, 1988
Schlagworte:
Format: MixedMaterials Buch
KOHA link:https://koha.lib.tpu.ru/cgi-bin/koha/opac-detail.pl?biblionumber=263056

MARC

LEADER 00000nam0a2200000 4500
001 263056
005 20231101233716.0
010 |a 5288000956 
035 |a (RuTPU)RU\TPU\book\286041 
090 |a 263056 
100 |a 20140605d1988 k y0rusy50 ca 
101 0 |a rus 
102 |a RU 
105 |a a z 001zy 
200 1 |a Отечеству на пользу, а россиянам во славу. Из истории университетского образования в Петербурге в XVIII-начале ЧШЧ в.  |f Ю. Д. Марголис, Г. А. Тишкин  |g Ленинградский государственный университет (ЛГУ) 
210 |a Ленинград  |c Изд-во Ленинградского ун-та  |d 1988 
215 |a 232 с.  |c ил. 
320 |a Указатель имен: с. 226-231. 
606 1 |a Университеты  |2 stltpush  |3 (RuTPU)RU\TPU\subj\63052  |9 80100 
610 1 |a университетское образование 
610 1 |a история 
610 1 |a Петербург 
610 1 |a 18 век 
610 1 |a 19 век 
610 1 |a документы 
610 1 |a учебная деятельность 
686 |a Ч484(2)71  |v LBC/SL-A  |2 rubbk 
700 1 |a Марголис  |b Ю. Д.  |g Юрий Давидович 
701 1 |a Тишкин  |b Г. А.  |g Григорий Алексеевич 
712 0 2 |a Ленинградский государственный университет (ЛГУ)  |c (1924-1991)  |2 stltpush  |3 (RuTPU)RU\TPU\col\77 
801 1 |a RU  |b 63413507  |c 20140605 
801 2 |a RU  |b 63413507  |c 20150406  |g RCR 
942 |c BK